000 00413nam a2200181Ia 4500
005 20250603145924.0
008 250603s9999 xx 000 0 und d
020 _a139780735569775
050 _aKL 155 .K5/
100 _aKluwer, Wolters
245 4 _aThe process of legal Reseach
260 _aNew york
260 _bAspen pub.
260 _c2008
300 _a451 p
650 _aNew york
942 _cBK
999 _c43250
_d43250